BASIC OPHTHALMOLOGY INCUDING CLINICAL EVALUATION (Record no. 33709)
[ view plain ]
| 000 -LEADER | |
|---|---|
| fixed length control field | 00423nam a22001697a 4500 |
| 003 - CONTROL NUMBER IDENTIFIER | |
| control field | SGT |
| 020 ## - INTERNATIONAL STANDARD BOOK NUMBER | |
| International Standard Book Number | 9789356969353 |
| 082 ## - DEWEY DECIMAL CLASSIFICATION NUMBER | |
| Classification number | 617.7 |
| Item number | B25J |
| 100 ## - MAIN ENTRY--PERSONAL NAME | |
| Personal name | JOGI, RENU |
| 245 ## - TITLE STATEMENT | |
| Title | BASIC OPHTHALMOLOGY INCUDING CLINICAL EVALUATION |
| 250 ## - EDITION STATEMENT | |
| Edition statement | 6TH |
| 260 ## - PUBLICATION, DISTRIBUTION, ETC. (IMPRINT) | |
| Place of publication, distribution, etc | INDIA |
| Name of publisher, distributor, etc | JAYPEE PUB |
| Year of Publication | 2025 |
| 300 ## - PAGE DESCRIPTION | |
| No. of Pages | 621 |
| 650 ## - SUBJECT ADDED ENTRY--TOPICAL TERM | |
| Topical term or geographic name as entry element | OPHTHALMOLOGY |
| 653 ## - KEYWORDS--INDEX TERM | |
| Keyword term | BASIC OPHTHALMOLOGY INCUDING CLINICAL EVALUATION |
| 942 ## - ADDED ENTRY ELEMENTS (KOHA) | |
| Source of classification or shelving scheme | Dewey Decimal Classification |
| Koha item type | Books |
| Withdrawn status | Lost status | Source of classification or shelving scheme | Damaged status | Not for loan | Collection code | Home library | Current library | Shelving location | Date acquired | Vendor Name | Cost, normal purchase price | SGTU | Bill Number | Full call number | Accession No. (Barcode) | Date last seen | Bill Date | Koha item type | Total Checkouts | Date last borrowed |
|---|---|---|---|---|---|---|---|---|---|---|---|---|---|---|---|---|---|---|---|---|
| Dewey Decimal Classification | Not For Loan | MEDICAL | SGT Medical Library | SGT Medical Library | Reference Book | 29/11/2025 | ABC DELHI | 1175.00 | SGTU | 22053 | 617.7 B25J | FM16136 | 29/01/2026 | 29/11/2025 | Books | |||||
| Dewey Decimal Classification | MEDICAL | SGT Medical Library | SGT Medical Library | Text Book | 29/11/2025 | ABC DELHI | 1175.00 | SGTU | 22053 | 617.7 B25J | FM16137 | 06/04/2026 | 29/11/2025 | Books | 1 | 20/03/2026 | ||||
| Dewey Decimal Classification | MEDICAL | SGT Medical Library | SGT Medical Library | Text Book | 29/11/2025 | ABC DELHI | 1175.00 | SGTU | 22053 | 617.7 B25J | FM16138 | 13/04/2026 | 29/11/2025 | Books | 1 | 13/03/2026 |